Countries with Spectacled Bears - Statistics

General Stats
  • This quiz has been taken 142 times
  • The average score is 5 of 6
Answer Stats
Spectacled bear country % Correct
Peru
96%
Colombia
91%
Bolivia
88%
Ecuador
88%
Venezuela
86%
Argentina
85%
No matching quizzes found
Score Distribution
Percent of People with Each Score
Percentile by Number Answered
Your Score History
You have not taken this quiz